000 00635nam a2200217 a 4500
001 000013863
005 20200929163357.0
008 091130s1996 ve 001 f spa d
020 _a9803540289
040 _aDO-SdBNP
_bspa
_cBNPHU
082 _a891.864
_bK11c
100 1 _aKafka, Franz,
_d1883-1924
_931399
245 1 0 _aCarta al padre /
_cFranz Kafka.
260 _aCaracas :
_bAlfadil,
_c1996.
300 _a72, [1] p. ;
_c22 cm.
490 1 _aOrinoco
_v49
500 _aIncluye datos biográficos del autor en la solapa
650 4 _aNovela checa
_912956
650 4 _aLiteratura checa
_912957
830 0 _aOrinoco ;
_v49
_921401
999 _c13471
_d13471